Tres Musas (Record no. 102998)

MARC details
000 -LEADER
campo de control de longitud fija 01917nka a2200325 i 4500
001 - NÚMERO DE CONTROL
campo de control 102998
003 - IDENTIFICADOR DE NÚMERO DE CONTROL
campo de control ES-MaACL
005 - FECHA Y HORA DE LA ÚLTIMA TRANSACCIÓN
campo de control 20250821063040.0
007 - CAMPO FIJO DE DESCRIPCIÓN FÍSICA--INFORMACIÓN GENERAL
campo de control de longitud fija t|
008 - DATOS DE LONGITUD FIJA--INFORMACIÓN GENERAL
campo de control de longitud fija 051223q1860 sp f | |r||1c|spa
100 1# - ENTRADA PRINCIPAL--NOMBRE DE PERSONA
Nombre de persona Roselló y Prados, José María,
Fechas asociadas al nombre 1835-1872
Término indicativo de función/relación Grabador
9 (RLIN) 99702
245 10 - MENCIÓN DEL TÍTULO
Título Tres Musas
Medio [Material gráfico] /
Mención de responsabilidad, etc. Lesueur pintó ; Roselló grabó
260 ## - PUBLICACIÓN, DISTRIBUCIÓN, ETC.
Lugar de publicación, distribución, etc. [S.l. :
Nombre del editor, distribuidor, etc. s.n.,
Fecha de publicación, distribución, etc. ca. 1860]
300 ## - DESCRIPCIÓN FÍSICA
Extensión 1 estampa :
Otras características físicas grabado calcográfico ;
Dimensiones 335 x 335 mm
490 1# - MENCIÓN DE SERIE
Mención de serie Colección facticia de grabados ;
Designación de volumen o secuencia 42
RLIN 184692
500 ## - NOTA GENERAL
Nota general Inscripción: "Tres Musas"
520 ## - RESUMEN, ETC.
Sumario, etc. Cuentan los lejanos relatos del monte Helicón que había, antes de las 9 musas de Apolo, 3 musas primigenias. Eran 3 hermanas, 3 momentos de la creación artística: Meletea, la mayor, personificaba el pensamiento (las ideas); Mnemea, la mediana, la creación (el autor); y Aedea, la menor, encarnaba la interpretación. El mito dividía en 3 momentos la creación artística, aunque concentraba en uno la actividad creativa: en Mnemea, el autor. Un momento antes de Mnemea la obra aún no existía; un instante después, había fenecido. El pensamiento era el preámbulo de la creación, y el momento posterior, su representación. El intérprete no creaba, sólo reproducía
530 ## - NOTA DISPONIBLE DE FORMULARIO FÍSICO ADICIONAL
Nota de formato físico adicional disponible Disponible en formato digital
650 #7 - PUNTO DE ACCESO ADICIONAL DE MATERIA--TÉRMINO DE MATERIA
Término de materia o nombre geográfico como elemento de entrada Musas (Divinidades griegas)
9 (RLIN) 174492
Fuente del encabezamiento o término embne
655 #7 - TERMINO DE INDIZACIÓN--GENERO/FORMA
Datos o término principal de género/forma Grabados calcográficos
Fuente del término tgfbne
9 (RLIN) 241761
655 #7 - TERMINO DE INDIZACIÓN--GENERO/FORMA
Datos o término principal de género/forma Grabados
Fuente del término tgfbne
9 (RLIN) 226846
655 #4 - TERMINO DE INDIZACIÓN--GENERO/FORMA
Datos o término principal de género/forma Reproducciones de obras de arte
9 (RLIN) 241931
700 1# - ENTRADA AGREGADA--NOMBRE PERSONAL
Nombre de persona Lesueur, Eustache,
Fechas asociadas al nombre 1616-1655
Término indicativo de función/relación Artista
9 (RLIN) 71868
830 #0 - PUNTO DE ACCESO ADICIONAL DE SERIE-TÍTULO UNIFORME
Título uniforme Colección facticia de grabados ;
Designación de volumen o secuencia 42
9 (RLIN) 184692
852 4# - LOCALIZACIÓN
Ubicación ES-MaACL
Ubicación en estantería Depósito 2
Número de control de estantería GF-2(42)
856 4# - LOCALIZACIÓN Y ACCESO ELECTRÓNICOS
Identificador Uniforme de Recursos <a href="https://bdh-rd.bne.es/viewer.vm?id=0000150568&page=1">https://bdh-rd.bne.es/viewer.vm?id=0000150568&page=1</a>
Texto de enlace Versión en línea
Nota pública (Biblioteca Digital Hispánica)
942 ## - ELEMENTOS DE ENTRADA SECUNDARIOS (KOHA)
Fuente del sistema de clasificación o colocación Clasificación decimal universal
Tipo de ítem Koha Grabado
Suprimir en OPAC No
Holdings
Estatus retirado Estado de pérdida Fuente del sistema de clasificación o colocación Estado de daño No para préstamo Colección Biblioteca de origen Biblioteca actual Ubicación en estantería Fecha de adquisición Total de préstamos Signatura topográfica completa Código de barras Visto por última vez Tipo de ítem Koha
    Clasificación decimal universal     Colección digital Biblioteca del Ateneo de Madrid Biblioteca del Ateneo de Madrid Depósito 2 17/01/2008   GF-2(42) 1107547 23/02/2023 Grabado